01399nam a2200361Ia 4500001001200000003000800012006001900020007001500039008004100054010001700095020001500112020001800127040002100145035002100166050002700187082001800214100002800232245009500260246005500355260003800410300002900448504006000477533015200537650005400689650003100743650002400774650002400798650002600822655002900848710001700877856012600894999001701020ebr10607862CaPaEBRm u cr cn|||||||||100406s2012 okua sb 001 0 eng d z 2010011728 z1593702302 z9781593702304 aCaPaEBRcCaPaEBR a(OCoLC)82082919814aTN870.5b.S7445 2012eb04a622/.33822221 aStewart, George,d1940-10aWireline formation testing & well deliverabilityh[electronic resource] /cGeorge Stewart.3 aWireline formation testing and well deliverability aTulsa, Okla. :bPennWell,cc2012. axix, 1016, 32 p. :bill. aIncludes bibliographical references (p.1016) and index. aElectronic reproduction.bPalo Alto, Calif. :cebrary,d2011.nAvailable via World Wide Web.nAccess may be limited to ebrary affiliated libraries. 0aManaged pressure drilling (Petroleum engineering) 0aOil reservoir engineering. 0aOil wellsxTesting. 0aPetroleumxGeology. 0aPetroleumxMigration. 7aElectronic books.2local2 aebrary, Inc.40uhttp://site.ebrary.com/lib/rucke/Doc?id=10607862zAn electronic book accessible through the World Wide Web; click to view c97384d97384